00824nam a2200241Ia 4500001000700000008004100007010001100048082001400059100012100073245001800194260003700212300001100249440000500260500001600265503000500281650021000286650003100496901001400527902000600541910000900547942000700556999001900563Z_4700220113s1978 xx 000 0 und d a163627 a633.2 R43 aRed Internacional de Evaluación de Pastos Tropicales. Reunión de la RIEPT-CAC (1: 1988: Veracruz, Ver.)9137792 a/cpor INIFAP aVeracruz, Ver. :bINIFAP,c1978 a495 p. a aFotocopía a aPastizalesxCongresos I. Instituto Nacional de Investigaciones Forestales y Agropecuarias. México II. Centro Internacional de Agricultura Tropical, Colombia III. Evaluación de pastos tropicales9137793 aPastosxTrópicos 986085 a633.2 R43 aA a1978 cc1 c163627d163627